| 000 | 01079nam a2200241 i 4500 | ||
|---|---|---|---|
| 001 | 153576 | ||
| 003 | ES-MaACL | ||
| 005 | 20250902063107.0 | ||
| 008 | 040727s1565 be |||| | lat d | ||
| 040 |
_aCAM _bspa _cCAM |
||
| 100 | 1 |
_aDubois, Jean, _d-1576 _9150946 |
|
| 245 | 1 | 0 |
_aDe morbi articularii curatione tractatus quatuor / _cIoanne Syluio Insulensi, medicinam Valentianis facienti, auctore ; eiusdem De morbo gallico declamatio Louanij in disputationibus solennibus [sic] habita... |
| 260 |
_aAntuerpiae : _bapud Gulielmum Silvium..., _c1565 ( _fexcudebat Antuerpiae Christophorus Plantinus) |
||
| 300 |
_a102, [2] p. ; _c17 cm. |
||
| 596 | _aMarca tipográfica en portada (Angel con guadaña y la leyenda Scrutamini) | ||
| 596 | _aDato de imp. consta en colofón. | ||
| 597 | _aSign.: A-F8, G4. | ||
| 650 | 4 |
_aPeste- _vObras anteriores a 1800. _9150947 |
|
| 650 | 0 | 4 |
_aMedicina- _vObras anteriores a 1800 _914912 |
| 650 | 0 | 4 |
_aSífilis. _917092 |
| 852 |
_aES-MaACL _jR-3136 _xOlim:T-211-F-11 _z-- Enc. perg. moderna |
||
| 999 |
_c153576 _d153576 |
||